Biblioteca y Centro de Documentación

Vista normal Vista MARC

Entrada Nombre corporativo

Número de registros utilizados en: 25

001 - NÚMERO DE CONTROL

  • Campo de control: 3917

003 - IDENTIFICADOR DE NÚMERO DE CONTROL

  • Campo de control: ES-MaCES

005 - FECHA Y HORA DE LA ULTIMA MODIFICACION

  • Campo de control: 20030205102300.0

008 - ELEMENTOS DE DATOS DE LONGITUD FIJA

  • Campo de longitud fija: 030204 | azznnaabn || ana d

035 ## - NÚMERO DE CONTROL DEL SISTEMA

  • Número de control del sistema: CES20030000336e

040 ## - FUENTE DE LA CATALOGACIÓN

  • Agencia original de catalogación: ES-MaCES
  • Idioma de catalogación: spa
  • Agencia de transcripción: ES-MaCES

110 2# - ENCABEZAMIENTO--NOMBRE CORPORATIVO

  • Nombre corporativo o de jurisdicción como elemento de entrada: Fundación Tripartita para la Formación en el Empleo

410 2# - TRAZADO VEÁSE--NOMBRE CORPORATIVO

  • Nombre corporativo o de jurisdicción como elemento de entrada: FTFE

510 2# - TRAZADO VEÁSE ADEMÁS--NOMBRE CORPORATIVO

  • Nombre corporativo o jurisdicción como elemento de entrada: Fundación para la Formación Continua

670 ## - FUENTE DE DATOS ENCONTRADOS

  • Fuente de citación: CD del CES
  • Información encontrada: . A partir de 2001, (tras aprobación del Consejo de Ministros de 4 de junio), se constituye la Fundación Tripartita para la Formación en el Empleo, que sustituirá a la hasta ahora Fundación para la Formación Continua (FORCEM)

901 ## - CES. DATOS SIRTEX

  • ID Sirtex (N5N8): 0001800005533
  • 005BIS Sirtex: 200302041652ALORITE
© CES, Consejo Económico y Social de España 2021